00487 a2200157 4500003000500000005001700005040000900022082001300031100001700044245001200061260002400073300000800097505018200105538003000287650001200317Nust20170207153442.0 cNust a954.9123 aGeorge Hurst aThe PVH aLondonbDadosc1934 a121 aThe History of the Hunt (Page-1) The Hounds (Page-45) The Country (Page-59) The Quarry (Page-77) The Sport (Page-89) The Point to Point Races (Page-99) The Appendices (Page-107) aAlmirah No.63 Shelf No.3 aThe PVH